[Event "IECC Swiss-477.1"]
[Site "IECC email"]
[Date "2003.12.08"]
[Round "?"]
[White "Mariani, Danilo"]
[Black "Villa, Jose"]
[Result "1-0"]
[WhiteElo "1409"]
[BlackElo "1820"]
[PlyCount "81"]
[EventDate "2003.??.??"]
[EventType "swiss (corr)"]
[EventRounds "1"]
[SourceTitle "Corr 2020"]
[Source "ChessBase"]
[SourceDate "2019.09.30"]
[SourceVersion "1"]
[SourceVersionDate "2019.09.30"]
[SourceQuality "1"]
[WhiteTeam "Italy"]
[BlackTeam "Chile"]
[WhiteTeamCountry "ITA"]
[BlackTeamCountry "CHI"]

1. d4 d5 2. c4 Bf5 3. Nc3 e6 4. Nf3 c6 5. Bg5 Be7 6. Bxe7 Nxe7 7. e3 Nd7 8. c5 Qc7 9. g3 e5 10. Bg2 0-0 11. b4 b6 12. 0-0 bxc5 13. dxc5 Rfb8 14. b5 Nxc5 15. bxc6 Rd8 16. Na4 Nxa4 17. Qxa4 Be4 18. Rac1 f6 19. Rc5 Rac8 20. Rfc1 Rd6 21. Nh4 Bxg2 22. Kxg2 Rxc6 23. Rxc6 Nxc6 24. Nf5 Kh8 25. Qa3 Qd7 26. Ne7 Nxe7 27. Qxe7 Qd8 28. Rxc8 Qxc8 29. Qxa7 h6 30. a4 Qc6 31. Qb8+ Kh7 32. Qb5 Qa8 33. Kg1 Kg6 34. h4 h5 35. a5 d4 36. exd4 exd4 37. Qd3+ Kf7 38. a6 Qa7 39. Qb3+ Kg6 40. Qb7 Qc5 41. a7 1-0

[Event "IECC CL3-2003.22 email"]
[Site "IECC email"]
[Date "2003.10.01"]
[Round "?"]
[White "Malmstroem, Jan"]
[Black "Villa, Jose"]
[Result "1-0"]
[WhiteElo "1992"]
[BlackElo "1790"]
[PlyCount "51"]
[EventDate "2003.??.??"]
[EventType "tourn (corr)"]
[EventRounds "4"]
[SourceTitle "Corr 2008"]
[Source "ChessBase"]
[SourceDate "2008.06.24"]
[SourceVersion "1"]
[SourceVersionDate "2008.06.24"]
[SourceQuality "1"]

1. e4 c6 2. d4 d5 3. Nc3 dxe4 4. Nxe4 Bf5 5. Ng3 Bg6 6. Nf3 Nd7 7. h4 h6 8. h5 Bh7 9. Bd3 Bxd3 10. Qxd3 Qc7 11. Bd2 Ngf6 12. 0-0-0 0-0-0 13. Rhe1 e6 14. Qe2 Ng4 15. Ne5 Ngxe5 16. dxe5 Be7 17. Qg4 Rhg8 18. Bc3 Bc5 19. Ne4 Qb6 20. Qf4 Rgf8 21. Nxc5 Nxc5 22. Rd6 Nd7 23. Red1 Qc7 24. Qa4 Qb6 25. Qa3 Rfe8 26. Ba5 1-0

[Event "IECC Swiss email"]
[Site "IECC email"]
[Date "2003.01.04"]
[Round "?"]
[White "Jonsson, Gudbrandur"]
[Black "Villa, Jose"]
[Result "1-0"]
[WhiteElo "1461"]
[BlackElo "1851"]
[PlyCount "43"]
[EventDate "2003.??.??"]
[EventType "tourn (corr)"]
[EventRounds "6"]
[SourceTitle "Corr 2008"]
[Source "ChessBase"]
[SourceDate "2008.06.24"]
[SourceVersion "1"]
[SourceVersionDate "2008.06.24"]
[SourceQuality "1"]

1. e4 c6 2. d4 d5 3. exd5 cxd5 4. c4 Nf6 5. Nc3 Nc6 6. Bg5 Qa5 7. Bxf6 exf6 8. cxd5 Bb4 9. Qd2 Bxc3 10. bxc3 Qxd5 11. Nf3 0-0 12. Be2 Re8 13. 0-0 Na5 14. Rac1 Bg4 15. c4 Qf5 16. Rfe1 Rac8 17. Nh4 Rxe2 18. Rxe2 Qh5 19. Re4 f5 20. Nxf5 Qxf5 21. Re5 Nxc4 22. Rxf5 1-0

[Event "IECC KO email"]
[Site "IECC email"]
[Date "2002.08.03"]
[Round "?"]
[White "Carothers, Charles"]
[Black "Villa, Jose"]
[Result "1-0"]
[WhiteElo "1733"]
[BlackElo "1942"]
[PlyCount "51"]
[EventDate "2002.??.??"]
[EventType "tourn (corr)"]
[EventRounds "6"]
[SourceTitle "Corr 2008"]
[Source "ChessBase"]
[SourceDate "2008.06.24"]
[SourceVersion "1"]
[SourceVersionDate "2008.06.24"]
[SourceQuality "1"]

1. e4 Nf6 2. e5 Nd5 3. d4 d6 4. c4 Nb6 5. f4 dxe5 6. fxe5 Bf5 7. Nc3 e6 8. Nf3 c5 9. d5 exd5 10. cxd5 c4 11. Bxc4 Nxc4 12. Qa4+ Nd7 13. Qxc4 Rc8 14. Qa4 Bc5 15. g4 Bg6 16. e6 fxe6 17. dxe6 0-0 18. exd7 Rc6 19. Ne5 Qh4+ 20. Kd1 Rd6+ 21. Bd2 Rxd2+ 22. Kxd2 Qg5+ 23. Kd1 Qxe5 24. Re1 Be3 25. Qc4+ Bf7 26. Qd3 1-0

[Event "IECC CL3-2002.25"]
[Site "IECC email"]
[Date "2002.07.23"]
[Round "?"]
[White "Bertel, Michael"]
[Black "Villa, Jose"]
[Result "1-0"]
[WhiteElo "1849"]
[BlackElo "1867"]
[PlyCount "79"]
[EventDate "2002.??.??"]
[EventType "tourn (corr)"]
[EventRounds "4"]
[SourceTitle "Corr 2008"]
[Source "ChessBase"]
[SourceDate "2008.06.24"]
[SourceVersion "1"]
[SourceVersionDate "2008.06.24"]
[SourceQuality "1"]

1. e4 c6 2. d4 d5 3. Nc3 dxe4 4. Nxe4 Bf5 5. Bd3 Bxe4 6. Bxe4 Nf6 7. Bd3 e6 8. Nf3 Qc7 9. 0-0 Nbd7 10. c4 Bd6 11. c5 Bf4 12. Bxf4 Qxf4 13. Qb3 0-0-0 14. Bc4 g5 15. Qe3 Rhg8 16. Rad1 Qf5 17. Rfe1 Nd5 18. Bxd5 exd5 19. Qa3 a6 20. Qd3 Qxd3 21. Rxd3 Nf6 22. Ne5 Rde8 23. Rf3 Re6 24. Ree3 Rge8 25. Nxf7 Rxe3 26. fxe3 Ne4 27. Rh3 Rf8 28. Rxh7 Kb8 29. Rh8 Rxh8 30. Nxh8 Ka7 31. Nf7 b6 32. Nd8 bxc5 33. dxc5 Nxc5 34. Nxc6+ Kb6 35. Nb4 Na4 36. Nxd5+ Kc5 37. b3 Kxd5 38. bxa4 a5 39. Kf2 Kc4 40. Kf3 1-0

[Event "IECC CL3-2002.25"]
[Site "IECC email"]
[Date "2002.07.23"]
[Round "?"]
[White "Villa, Jose"]
[Black "Shchepetnev, Vasiliy"]
[Result "0-1"]
[WhiteElo "1901"]
[BlackElo "1901"]
[PlyCount "60"]
[EventDate "2002.??.??"]
[EventType "tourn (corr)"]
[EventRounds "4"]
[SourceTitle "Corr 2008"]
[Source "ChessBase"]
[SourceDate "2008.06.24"]
[SourceVersion "1"]
[SourceVersionDate "2008.06.24"]
[SourceQuality "1"]

1. d4 Nf6 2. c4 g6 3. Nc3 Bg7 4. e4 d6 5. f3 0-0 6. Bg5 c5 7. d5 e6 8. Qd2 exd5 9. cxd5 a6 10. a4 Re8 11. Be2 Qa5 12. Ra3 Nbd7 13. Nh3 Ne5 14. Nf2 Rb8 15. Na2 Qxd2+ 16. Kxd2 b6 17. b4 a5 18. b5 h5 19. h3 Nh7 20. Bf4 Bb7 21. Nd1 Rbd8 22. Ne3 Rb8 23. Bxe5 Bxe5 24. Nc4 Bf4+ 25. Kc2 Bxd5 26. Re1 Be6 27. Nc3 Nf6 28. Nd5 Bxd5 29. exd5 Nxd5 30. Rd1 Rxe2+ 0-1

[Event "IECC Swiss email"]
[Site "IECC email"]
[Date "2002.07.08"]
[Round "?"]
[White "Villa, Jose"]
[Black "Van Gimst, Herman"]
[Result "1-0"]
[WhiteElo "1969"]
[BlackElo "1341"]
[PlyCount "53"]
[EventDate "2002.??.??"]
[EventType "tourn (corr)"]
[EventRounds "6"]
[SourceTitle "Corr 2008"]
[Source "ChessBase"]
[SourceDate "2008.06.24"]
[SourceVersion "1"]
[SourceVersionDate "2008.06.24"]
[SourceQuality "1"]

1. d4 Nf6 2. c4 e6 3. Nc3 Bb4 4. f3 Bxc3+ 5. bxc3 Nh5 6. Nh3 c6 7. e4 h6 8. e5 g5 9. Bd3 c5 10. f4 gxf4 11. Qxh5 cxd4 12. cxd4 Qa5+ 13. Bd2 Qa3 14. Ke2 Qb2 15. Nxf4 Qxd4 16. Rhf1 Nc6 17. Nxe6 dxe6 18. Qxf7+ Kd8 19. Qf6+ Kc7 20. Qxh8 Qg4+ 21. Ke1 Qh4+ 22. Kd1 Qe7 23. Bg6 Qd7 24. Rf7 Ne7 25. Ke2 b6 26. Qh7 Qd4 27. Rxe7+ 1-0